[Event "Andalucia-ch U10"]
[Site "Huelva"]
[Date "2014.04.26"]
[Round "5.9"]
[White "Sibaja Garcia, Nicolas"]
[Black "Infantes Gonzalez, Maria"]
[Result "0-1"]
[WhiteElo "1253"]
[BlackElo "1187"]
[PlyCount "52"]
[EventDate "2014.04.25"]
[EventType "swiss"]
[EventRounds "9"]
[EventCountry "ESP"]
[SourceTitle "EXT 2024"]
[Source "ChessBase"]
[SourceDate "2023.10.10"]
[SourceVersion "1"]
[SourceVersionDate "2023.10.10"]
[SourceQuality "1"]

1. e4 e5 2. Nf3 Nc6 3. Bc4 Bc5 4. b4 Bxb4 5. c3 Ba5 6. d4 d6 7. h3 Nf6 8. dxe5 Nxe5 9. Nxe5 dxe5 10. Qxd8+ Kxd8 11. Bg5 Be6 12. Bb3 Rf8 13. 0-0 c6 14. f4 Bc7 15. Nd2 h6 16. Bxf6+ gxf6 17. f5 Bxb3 18. axb3 Bb6+ 19. Kh1 Rg8 20. Rad1 Kc7 21. Nc4 Rg3 22. Rd6 Rxc3 23. Rxf6 Rf8 24. Nxe5 Bd4 25. Rxf7+ Rxf7 26. Nxf7 Rxb3 0-1